| 000 | 00756nam a22002417a 4500 | ||
|---|---|---|---|
| 999 |
_c319753 _d319753 |
||
| 001 | 33291 | ||
| 003 | UA-OsUOA | ||
| 005 | 20200126214334.0 | ||
| 007 | ta | ||
| 008 | 20050211b un ||||| |||| 00| 0 ukr d | ||
| 020 | _a966-594-425-8 | ||
| 040 |
_aUA-OsUOA _bukr _cUA-OsUOA _dUA-OsUOA |
||
| 041 | _aukr | ||
| 044 | _aUA | ||
| 080 | _a82(09)(5) | ||
| 090 |
_a82(09)(5) _bМ34 |
||
| 245 |
_aМатеріали до вивченя літератур зарубіжного Сходу: тексти, науково-критичні статті _cнауковий проект Л. В. Грицик |
||
| 260 |
_aКиїв _bВПЦ "Київський університет" _c2003 |
||
| 300 | _a675 с. | ||
| 650 | 7 | _2UDC | |
| 942 |
_cBK _2udc |
||
| 955 | _a0 | ||